00429nam a2200145Ia 4500008004100000020001500041041000800056082001700064100003300081245008800114250000600202260004900208300000800257650001800265210716s2003 xx 000 0 und d a818842904X aeng a005.133 RAJR aWith graphics and animation. aC programming made easy: with graphics and animation.bWith graphics and animation. a2 aChennaibScitech Publications Pvt Ltd.c2003 a375 aC Programming